000 00510nam a2200193Ia 4500
003 GCL
008 140319s9999 xx 000 0 eng d
040 _aGCL /
_cGCL
082 0 4 _a621.3815'324
_bL T
100 1 _aLU, WU- SHENG
245 1 0 _aTwo- Dimensianal Digital Filters /
_cLU, WU- SHENG
700 1 _aANTONIVU, ANDREAS
260 _a[S.N] :
_bMARCEL DEKKER, INC ،
_c1992
300 _a398. P
650 0 4 _aSIGNAL PROCESSING
650 0 4 _aELECTRIC FILTERS
650 0 4 _aDIGITAL
942 _2ddc
_cBK
999 _c20609
_d20609